000 00562nam a2200205Ia 4500
003 OSt
005 20250123154618.0
008 210716s1997 xx 000 0 und d
040 _cAIMIT LIBRARY
041 _aeng
082 _a808.83
_21
_bSELE
245 _aSelect editions /
_cBy Readers Digest.
250 _a1st ed.
260 _aNew York :
_bReaders digest association Inc ;
_c1997.
300 _a573p. ;
_bPB
_c19 cm.
440 _v6
650 _aPlace to call home
_9194986
650 _aChromosome
_9194987
942 _2ddc
_cBK
_e1st ed.
_k808.83 SELE
999 _c200177
_d200177